000 00651cam a22002053a 4500
001 45032
003 PGUSA
005 20140828084029.0
008 140312s2014||||xxu|||||s|||||000 | eng d
040 _aPGUSA
_beng
042 _adc
100 1 _aSnow, Charles H.
_q(Charles Henry),
_d1863-1957
245 1 4 _aThe Principal Species of Wood :
_bTheir Characteristic Properties : First Edition
_h[electronic resource] /
_cCharles H. Snow
260 _bProject Gutenberg,
_c2014
506 _aPublic domain in the USA.
516 _aElectronic text
830 0 _aProject Gutenberg
_v45032
856 4 0 _uhttp://www.gutenberg.org/ebooks/45032
942 _cEB
999 _c274283
_d274283